000 00734nam a2200229Ia 4500
008 191130s2001##################000#0#eng##
020 _a9780750649919
022 _a2002281019
040 _aACL
_cACL
082 _a620.005 BIR
100 _aBird, J. O
245 _aNewnes engineering science pocket book
_cJohn Bird
250 _a3rd ed
260 _aOxford ; Boston
_bNewnes
_c2001
300 _avii, 647 p. : ill. ; 20 cm
500 _aIncludes index. Rev. ed. of: Newnes engineering and physical science pocket book, 1996
650 _aEngineering - Handbooks, manuals, etc
650 _aPhysical sciences - Handbooks, manuals, etc
990 _a3788334eac10000c5527e1a3ded853aa
991 _a84541
999 _c21899
_d21899